Т. 2; Прогрессивные технологии и экономика в машиностроении

Λεπτομέρειες βιβλιογραφικής εγγραφής
Parent link:Прогрессивные технологии и экономика в машиностроении: труды II Всероссийской научно-практической конференции, 29-30 апреля 2004 года, Юрга/ ТПУ, Филиал ; отв. ред. О. Ю. Ретюнский. Т. 2.— , 2004
Περίληψη:В сборнике представлены материалы по современным проблемам оборудования и технологии сварочного производства, машиностроения, агроинженерии, металлургии, автоматизации производства, экономики, гуманитарного и естественнонаучного образования, содержатся результаты теоретических исследований и практической реализации научно-исследовательских работ. Сборник подготовлен в филиале ТПУ в г. Юрге и предназначен для научных сотрудников, аспирантов и студентов технических и экономических специальностей.
Γλώσσα:Ρωσικά
Έκδοση: 2004
Θέματα:
Μορφή: Βιβλίο
KOHA link:https://koha.lib.tpu.ru/cgi-bin/koha/opac-detail.pl?biblionumber=151993

MARC

LEADER 00000nam2a2200000 4500
001 151993
005 20231101221609.0
035 |a (RuTPU)RU\TPU\book\164816 
035 |a RU\TPU\book\118383 
090 |a 151993 
100 |a 20090128d2004 k y0rusy50 ca 
101 0 |a rus 
102 |a RU 
105 |a a z 100zy 
200 0 |a Т. 2 
210 |d 2004 
215 |a 208 с.  |c ил. 
330 |a В сборнике представлены материалы по современным проблемам оборудования и технологии сварочного производства, машиностроения, агроинженерии, металлургии, автоматизации производства, экономики, гуманитарного и естественнонаучного образования, содержатся результаты теоретических исследований и практической реализации научно-исследовательских работ. Сборник подготовлен в филиале ТПУ в г. Юрге и предназначен для научных сотрудников, аспирантов и студентов технических и экономических специальностей. 
461 1 |0 (RuTPU)RU\TPU\book\119005  |t Прогрессивные технологии и экономика в машиностроении  |o труды II Всероссийской научно-практической конференции, 29-30 апреля 2004 года, Юрга  |f ТПУ, Филиал ; отв. ред. О. Ю. Ретюнский  |v Т. 2  |d 2004 
606 1 |a Машиностроение  |x Экономика  |2 stltpush  |3 (RuTPU)RU\TPU\subj\41496  |9 61286 
610 1 |a машиностроение 
610 1 |a сварочное производство 
610 1 |a технология 
610 1 |a агроинженерия 
610 1 |a металлургия 
610 1 |a автоматизация 
610 1 |a экономика 
610 1 |a конференции 
675 |a 621.002:658(063)  |v 3 
801 1 |a RU  |b 63413507  |c 20070209  |g PSBO 
801 2 |a RU  |b 63413507  |c 20090216  |g PSBO 
942 |c BK